Statistics for Which New York Giants?

Click here to take the quiz!

General Stats

  • This quiz has been taken 43 times
    (31 since last reset)
  • The average score is 5 of 10

Answer Stats

QuestionAnswer% Correct
Defeated the New England Patriots in the Super BowlBoth
90%
Eli Manning was awarded Super Bowl MVPBoth
79%
Had Bill Parcells as their head coachNeither
76%
David Tyree makes the helmet catch in the Super Bowl2007 Giants
66%
Defeated the Green Bay Packers in the NFC Championship2007 Giants
48%
Played the Super Bowl in Indianapolis, Indiana2011 Giants
48%
After winning the Super Bowl, the Giants fail to make the playoffs the next year2011 Giants
48%
Finished the regular season with a record of 9-72011 Giants
41%
Made the playoffs as a wild card team2007 Giants
21%
Won the NFC Championship in overtimeBoth
14%

Score Distribution

Percentile by Number Answered

Percent of People with Each Score

Your Score History

You have not taken this quiz since the last reset